All train stops of Lake Balaton - Statistics

General Stats
  • This quiz has been taken 48 times
  • The average score is 23 of 63
Answer Stats
Hint Answer % Correct
59. Siófok
93%
10. Balatonfüred
83%
55. Zamárdi
83%
37. Keszthely
80%
5. Balatonalmádi
73%
49. Balatonlelle
73%
1. Balatonakarattya
67%
53. Balatonföldvár
67%
46. Fonyód
67%
3. Balatonkenese
63%
54. Szántód
63%
25. Badacsony
60%
48. Balatonboglár
60%
4. Balatonfűzfő
60%
52. Balatonszárszó
60%
51. Balatonszemes
60%
62. Balatonvilágos
57%
40. Balatonmáriafürdő
53%
8. Csopak
53%
7. Alsóörs
50%
43. Balatonfenyves
50%
24. Badacsonytomaj
47%
63. Balatonaliga
47%
61. Szabadisóstó
47%
34. Vonyarcvashegy
40%
18. Balatonszepezd
37%
58. Balatonszéplak-felső
37%
20. Révfülöp
37%
57. Balatonszéplak-alsó
33%
12. Örvényes
33%
60. Szabadifürdő
33%
38. Balatonszentgyörgy
30%
56. Zamárdi-felső
30%
22. Ábrahámhegy
27%
11. Aszófő
27%
47. Fonyódliget
27%
35. Gyenesdiás
27%
29. Tapolca
27%
39. Balatonberény
23%
2. Csittényhegy
23%
17. Zánka-Köveskál
23%
15. Balatonakali-Dörgicse
20%
13. Balatonudvari
20%
6. Káptalanfüred
20%
16. Zánka-Erzsébettábor
20%
19. Szepezdfürdő
17%
9. Balatonarács
13%
33. Balatongyörök
13%
50. Balatonlelle-felső
13%
21. Balatonrendes
13%
14. Fövenyes
13%
44. Alsóbélatelep
10%
23. Badacsonyörs
10%
31. Balatonederics
10%
42. Balatonfenyves-alsó
7%
45. Bélatelep
7%
41. Máriahullámtelep
7%
36. Alsógyenes
3%
26. Badacsonylábdihegy
3%
27. Badacsonytördemic-Szigliget
3%
32. Becehegy
3%
28. Nemesgulács-Kisapáti
3%
30. Raposka
3%
No matching quizzes found
Score Distribution
Percent of People with Each Score
Percentile by Number Answered
Your Score History
You have not taken this quiz